000 01102pam a2200301 a 4500
001 4378487
003 OSt
005 20231011073624.0
008 910507s1991 enka 001 0 eng
010 _a 91019623
020 _a0521414156
020 _a0521424631 (pbk.)
040 _aDLC
_cDLC
_dDLC
082 _a500.2 LYO 1991
100 1 _aLyons, Louis.
_910087
245 1 2 _aA practical Guide to Data analysis for Physical Science students
260 _aCambridge;
_bCambridge University Press,
_c1991.
300 _axii, 95 p. :
_bill. ;
_c23 cm.
500 _aIncludes index.
650 0 _aPhysical science
_910088
650 0 _aData analysis
_96672
740 0 _aData analysis for physical science students.
856 4 2 _3Publisher description
_uhttp://www.loc.gov/catdir/description/cam024/91019623.html
856 4 1 _3Table of contents
_uhttp://www.loc.gov/catdir/toc/cam021/91019623.html
906 _a7
_bcbc
_corignew
_d1
_eocip
_f19
_gy-gencatlg
942 _2ddc
_cO_SHELF
999 _c4688
_d4688